000 00716nam a22002177a 4500
003 UA-OsUOA
001 120915
007 ta
008 20170227b un ||||| |||| 00| 0 ukr d
100 _aБулана О.О.
090 _a330(477)
_bБ90
942 _cSA
040 _aUA-OsUOA
_bukr
_cUA-OsUOA
_dUA-OsUOA
245 _aДержавна допомога вітчизняним суб'єктам господарювання та її трансформація в рамках Угоди про асоціацію між Україною та ЄС
300 _aС.18-31
955 _a0
041 _aukr
080 _a330(477)
773 0 _w120914
650 7 _a330 Економіка взагалі
_2UDC
999 _c407029
_d407029